[Event "Seniorenkampioenschap 2012"]
[Site "Oosterbeek, Netherlands"]
[Date "2012.07.10"]
[Round "4"]
[White "Vlam, Horatio"]
[Black "Caljé, Tom"]
[Result "1-0"]
[WhiteElo "2145"]
[BlackElo "1990"]
[PlyCount "67"]
[EventDate "2012.??.??"]

1. c4 e5 2. Nc3 d6 3. Nf3 f5 4. g3 Nf6 5. Bg2 Be7 6. O-O O-O 7. d3 Qe8 8. c5
Kh8 9. cxd6 Bxd6 10. Bg5 Nc6 11. Rc1 Qh5 12. Qd2 f4 13. gxf4 Bh3 14. Bxh3 Qxh3
15. fxe5 Nxe5 16. Nxe5 Bxe5 17. Bf4 Ne4 18. Qe3 Qg4+ 19. Bg3 Nxg3 20. hxg3 Bd4
21. Qe4 Qxg3+ 22. Qg2 Qxg2+ 23. Kxg2 Rf6 24. e3 Raf8 25. Ne4 Rg6+ 26. Ng3 Be5
27. f4 Bd6 28. Kf3 c6 29. Ne4 Be7 30. Nc5 b6 31. Nd7 Rf5 32. Ne5 Re6 33. Nxc6
Bc5 34. Nd4 1-0

[Event "Seniorenkampioenschap 2012"]
[Site "Oosterbeek, Netherlands"]
[Date "2012.07.10"]
[Round "4"]
[White "Klein, Ron"]
[Black "Van de Peut, Aart"]
[Result "1-0"]
[WhiteElo "2049"]
[BlackElo "1907"]
[PlyCount "75"]
[EventDate "2012.??.??"]

1. f4 Nf6 2. Nf3 c5 3. e3 Nc6 4. b3 d5 5. Bb5 Bd7 6. Bb2 e6 7. Bxc6 Bxc6 8. Ne5
Qc7 9. O-O O-O-O 10. d3 h5 11. Nd2 Bd6 12. Ndf3 Ng4 13. Qe2 Rh6 14. Nxc6 bxc6
15. h3 Nf6 16. Be5 Nd7 17. d4 Bxe5 18. Nxe5 Nxe5 19. Qa6+ Kb8 20. fxe5 cxd4 21.
exd4 Rd7 22. Rf3 Qb6 23. Qxb6+ axb6 24. Raf1 c5 25. dxc5 bxc5 26. Rxf7 Rxf7 27.
Rxf7 Rg6 28. Re7 Kc8 29. a4 Kd8 30. Rf7 Rg5 31. a5 Rxe5 32. a6 Re1+ 33. Kf2 Ra1
34. a7 Kc8 35. Rxg7 e5 36. g4 hxg4 37. hxg4 e4 38. Rg8+ 1-0

[Event "Seniorenkampioenschap 2012"]
[Site "Oosterbeek, Netherlands"]
[Date "2012.07.10"]
[Round "4"]
[White "Seeleman, Jan"]
[Black "Haitsma, Anne"]
[Result "1-0"]
[WhiteElo "2000"]
[BlackElo "1904"]
[PlyCount "89"]
[EventDate "2012.??.??"]

1. e4 e5 2. Nf3 Nc6 3. Bb5 a6 4. Ba4 Nf6 5. O-O Be7 6. Re1 b5 7. Bb3 O-O 8. h3
Bb7 9. d3 d6 10. c3 Na5 11. Bc2 c5 12. Nbd2 Re8 13. Nf1 Qc7 14. Bg5 h6 15. Bd2
Bf8 16. Nh4 d5 17. Qf3 dxe4 18. dxe4 Qc6 19. Nf5 Nc4 20. Bc1 Rad8 21. a4 Nb6
22. a5 Nc8 23. Qg3 Kh7 24. Qh4 Ne7 25. g4 Nxf5 26. gxf5 c4 27. Qg3 Bc5 28. Nh2
Rd7 29. Ng4 Nxg4 30. hxg4 f6 31. Qh4 Red8 32. g5 Rd2 33. g6+ Kg8 34. Bxd2 Rxd2
35. Red1 Rxc2 36. Rd8+ Bf8 37. Re1 Qc7 38. Red1 Rc1 39. Rxf8+ Kxf8 40. Rxc1 Ke7
41. Qg4 Qxa5 42. Qe2 Qc7 43. Qe3 Qc6 44. f3 Qd7 45. Kf2 1-0

[Event "Seniorenkampioenschap 2012"]
[Site "Oosterbeek, Netherlands"]
[Date "2012.07.10"]
[Round "4"]
[White "Toorman, Jan"]
[Black "Vreugdenhil, Frans"]
[Result "1-0"]
[WhiteElo "2028"]
[BlackElo "2034"]
[PlyCount "88"]
[EventDate "2012.??.??"]

1. e4 e5 2. Nf3 Nc6 3. Bb5 f5 4. d3 fxe4 5. dxe4 Nf6 6. Bg5 Bc5 7. O-O d6 8. c3
O-O 9. b4 Bb6 10. a4 a6 11. Bc4+ Kh8 12. Qe2 Bg4 13. Nbd2 h6 14. Be3 Ba7 15.
Bxa7 Rxa7 16. h3 Bd7 17. Kh2 Nh5 18. g3 Qe8 19. Qe3 Qc8 20. Ng1 Ra8 21. Be2 Qe8
22. b5 axb5 23. axb5 Rxa1 24. Rxa1 Ne7 25. c4 g5 26. Ra7 Bc8 27. Kg2 Ng7 28. c5
d5 29. exd5 Nxd5 30. Qd3 Qf7 31. Bf3 Rd8 32. Qe2 Nc3 33. Qxe5 Nxb5 34. Ra5 Rxd2
35. Rxb5 Qa2 36. Ne2 c6 37. Rxb7 Bxb7 38. Qb8+ Qg8 39. Qxb7 Qe8 40. Nc3 Qe1 41.
Ne4 Rd1 42. Bxd1 Qxd1 43. Qxc6 Qd4 44. Qxh6+ Kg8 1-0

[Event "Seniorenkampioenschap 2012"]
[Site "Oosterbeek, Netherlands"]
[Date "2012.07.10"]
[Round "4"]
[White "Duijker, Bert"]
[Black "Greevenbosch, Henk"]
[Result "1/2-1/2"]
[WhiteElo "1946"]
[BlackElo "1943"]
[PlyCount "39"]
[EventDate "2012.??.??"]

1. Nf3 d5 2. g3 f5 3. Bg2 Nf6 4. d4 e6 5. b3 Bd6 6. c4 c6 7. O-O O-O 8. Nc3
Nbd7 9. Bb2 Ne4 10. Nd2 Qg5 11. f4 Qg6 12. Nf3 Ndf6 13. Ne5 Qh6 14. Nxe4 Bxe5
15. Nxf6+ Bxf6 16. Ba3 Rf7 17. Bd6 g5 18. e3 g4 19. a4 Rd7 20. c5 1/2-1/2

[Event "Seniorenkampioenschap 2012"]
[Site "Oosterbeek, Netherlands"]
[Date "2012.07.11"]
[Round "5"]
[White "Versteeg, Cees"]
[Black "Van den Berg, Ad"]
[Result "0-1"]
[WhiteElo "1912"]
[BlackElo "2206"]
[PlyCount "118"]
[EventDate "2012.??.??"]

1. e4 c5 2. Nf3 Nc6 3. d4 cxd4 4. Nxd4 g6 5. c4 Bg7 6. Be3 Nf6 7. Nc3 Ng4 8.
Qxg4 Nxd4 9. Qd1 Ne6 10. Qd2 Qa5 11. Rc1 d6 12. Be2 Bd7 13. O-O Nc5 14. Bf3 Bc6
15. Nd5 Qxd2 16. Bxd2 Bxb2 17. Rb1 Bxd5 18. exd5 Bd4 19. Bh6 Rc8 20. Rfd1 Be5
21. Be3 b6 22. Be2 Na4 23. Rb4 Nc3 24. Rd2 f5 25. Kf1 O-O 26. f4 Bg7 27. Bd4
Bxd4 28. Rxd4 Rc5 29. Rd3 Nxe2 30. Kxe2 Ra5 31. Rd2 Rc8 32. Kd3 Ra3+ 33. Rb3
Ra4 34. Rc2 Kf7 35. Kd4 Rc5 36. Kd3 e6 37. dxe6+ Kxe6 38. g3 Kd7 39. a3 Rca5
40. Rcc3 h6 41. h3 Ke6 42. Ke3 Rc5 43. Kd3 Kf6 44. Rb4 Raa5 45. Rbb3 Rc6 46.
Kd4 Rcc5 47. Kd3 g5 48. Ke3 Rc6 49. Kd4 Rac5 50. Rb5 gxf4 51. gxf4 Rxb5 52.
cxb5 Rc5 53. Rb3 d5 54. Rb4 Ke6 55. Ra4 Rc7 56. Rb4 Kd6 57. h4 h5 58. a4 Re7
59. Kd3 Re4 0-1

[Event "Seniorenkampioenschap 2012"]
[Site "Oosterbeek, Netherlands"]
[Date "2012.07.11"]
[Round "5"]
[White "Van Lanen, Toon"]
[Black "Markus, John"]
[Result "1-0"]
[WhiteElo "2143"]
[BlackElo "2107"]
[PlyCount "87"]
[EventDate "2012.??.??"]

1. e4 d6 2. d4 g6 3. g3 Bg7 4. Bg2 Nf6 5. Ne2 O-O 6. Nbc3 e5 7. h3 c6 8. O-O
Qc7 9. Be3 a5 10. Qd2 b5 11. a3 Nbd7 12. Rfd1 Rb8 13. dxe5 dxe5 14. Qd6 Qxd6
15. Rxd6 Ne8 16. Rd2 b4 17. axb4 axb4 18. Na4 Ra8 19. b3 Nef6 20. Rad1 Ba6 21.
Nc1 Bb5 22. Rxd7 Nxd7 23. Rxd7 c5 24. Rc7 Bxa4 25. bxa4 Rfc8 26. Rxc5 Bf8 27.
Rxc8 Rxc8 28. Bf3 Rxc2 29. Bd1 Rc3 30. Bd2 Ra3 31. Kf1 f5 32. Bb3+ Kg7 33. f3
fxe4 34. fxe4 Ra1 35. Ke2 Rb1 36. Kd3 Rb2 37. a5 Bc5 38. a6 Rb1 39. Kc2 Ra1 40.
Ba2 Kf6 41. Bxb4 Be3 42. Bd2 Bd4 43. Bc3 Bxc3 44. a7 1-0

[Event "Seniorenkampioenschap 2012"]
[Site "Oosterbeek, Netherlands"]
[Date "2012.07.11"]
[Round "5"]
[White "Schouten, Nico"]
[Black "Van Leeuwen, Etienne"]
[Result "1/2-1/2"]
[WhiteElo "2094"]
[BlackElo "2061"]
[PlyCount "94"]
[EventDate "2012.??.??"]

1. d4 Nf6 2. c4 g6 3. Nc3 d5 4. Nf3 Bg7 5. e3 O-O 6. cxd5 Nxd5 7. Bc4 Nb6 8.
Be2 c5 9. O-O cxd4 10. exd4 Nc6 11. Be3 Be6 12. Qd2 Bc4 13. Rfd1 Bxe2 14. Qxe2
Nd5 15. Rac1 e6 16. Ne4 Rc8 17. Nc5 b6 18. Bg5 Qd6 19. Ne4 Qd7 20. Qd2 Nce7 21.
Ne5 Qa4 22. b3 Qa6 23. Nd7 Rxc1 24. Rxc1 Rc8 25. Ndf6+ Kh8 26. Rxc8+ Qxc8 27.
Nd6 Qf8 28. Nd7 Qg8 29. Ne5 Bxe5 30. dxe5 Nf5 31. Bf6+ Nxf6 32. exf6 Nxd6 33.
Qxd6 Qc8 34. h3 Kg8 35. a4 g5 36. g3 h6 37. h4 gxh4 38. Qf4 Kh7 39. Qe4+ Kh8
40. Qxh4 Qc1+ 41. Kg2 Qg5 42. Qd4 Kh7 43. f3 Kg6 44. Qd7 Qxf6 45. Qxa7 Qb2+ 46.
Kh3 Qxb3 47. Qa8 Kg7 1/2-1/2

[Event "Seniorenkampioenschap 2012"]
[Site "Oosterbeek, Netherlands"]
[Date "2012.07.11"]
[Round "5"]
[White "Vogel, Jaap"]
[Black "Jonkman, Fokke"]
[Result "1/2-1/2"]
[WhiteElo "2156"]
[BlackElo "1995"]
[PlyCount "83"]
[EventDate "2012.??.??"]

1. d4 c5 2. d5 g6 3. e4 Bg7 4. Nf3 d6 5. Bb5+ Nd7 6. a4 Ngf6 7. Nc3 O-O 8. O-O
a6 9. Be2 Rb8 10. a5 Ne8 11. Bg5 h6 12. Be3 Kh7 13. Nd2 f5 14. exf5 gxf5 15. f4
Nc7 16. Nc4 Nf6 17. h3 Bd7 18. Nb6 Be8 19. Kh1 Nb5 20. Nxb5 axb5 21. c3 Ne4 22.
Qe1 Bf6 23. Bf3 Rg8 24. g4 e5 25. Bxe4 fxe4 26. f5 h5 27. Rg1 hxg4 28. hxg4 Bh4
29. Qe2 Kg7 30. Rg2 Rh8 31. Kg1 Bg5 32. Rf1 Bxe3+ 33. Qxe3 Qh4 34. Qxe4 Bg6 35.
Nd7 Rbd8 36. Nxc5 dxc5 37. Qxe5+ Kg8 38. d6 Qh1+ 39. Kf2 Qh4+ 40. Kg1 Qh1+ 41.
Kf2 Qh4+ 42. Kg1 1/2-1/2

[Event "Seniorenkampioenschap 2012"]
[Site "Oosterbeek, Netherlands"]
[Date "2012.07.11"]
[Round "5"]
[White "Viergever, Max"]
[Black "Huysman, Arie"]
[Result "1/2-1/2"]
[WhiteElo "2097"]
[BlackElo "2003"]
[PlyCount "91"]
[EventDate "2012.??.??"]

1. e4 e5 2. Nf3 Nc6 3. Bb5 a6 4. Bxc6 dxc6 5. Nc3 f6 6. d4 exd4 7. Qxd4 Qxd4 8.
Nxd4 Bd7 9. Bf4 O-O-O 10. O-O-O Bd6 11. Nde2 Be6 12. Bg3 Ne7 13. Nf4 Bxf4+ 14.
Bxf4 Ng6 15. Bg3 f5 16. exf5 Bxf5 17. Rxd8+ Rxd8 18. Nd1 Re8 19. Ne3 Be6 20. a3
Ne7 21. Re1 Bf7 22. Ng4 Ng6 23. Rxe8+ Bxe8 24. Ne3 Bd7 25. Kd2 Be6 26. Kd3 Kd7
27. h4 h5 28. c3 Ne7 29. c4 Nf5 30. Nxf5 Bxf5+ 31. Kd4 a5 32. b4 axb4 33. axb4
b5 34. c5 Ke6 35. Bxc7 Bc2 36. f3 Kf5 37. g3 Bd1 38. Ke3 g6 39. Bd6 Bb3 40. Bf8
Bd1 41. Bg7 Bb3 42. Bc3 Bd1 43. Bd2 Bc2 44. Kf2 Bd1 45. Kg2 Be2 46. Kf2 1/2-1/2

[Event "Seniorenkampioenschap 2012"]
[Site "Oosterbeek, Netherlands"]
[Date "2012.07.11"]
[Round "5"]
[White "Etmans, Maarten"]
[Black "Hoynck van Papendrecht, Fr"]
[Result "1/2-1/2"]
[WhiteElo "2001"]
[BlackElo "2055"]
[PlyCount "62"]
[EventDate "2012.??.??"]

1. e4 c5 2. Nf3 a6 3. a4 Nc6 4. Bc4 e6 5. Nc3 d6 6. O-O Nf6 7. d4 cxd4 8. Nxd4
Bd7 9. Nf3 Be7 10. Bf4 Qc7 11. Qe2 O-O 12. h3 Rac8 13. Ba2 Ne5 14. Rfd1 Rfd8
15. Rd2 b5 16. Bxe5 dxe5 17. axb5 axb5 18. Nxb5 Bxb5 19. Rxd8+ Rxd8 20. Qxb5
Qxc2 21. Rf1 Qxe4 22. Nxe5 Rc8 23. Nf3 Qa8 24. Bc4 Ne4 25. b3 Bc5 26. Qd7 Rd8
27. Qc7 Bd6 28. Qb6 Rb8 29. Qe3 Bc5 30. Qf4 Bd6 31. Qe3 Bc5 1/2-1/2

[Event "Seniorenkampioenschap 2012"]
[Site "Oosterbeek, Netherlands"]
[Date "2012.07.11"]
[Round "5"]
[White "Scholten, Karel"]
[Black "Vlam, Horatio"]
[Result "0-1"]
[WhiteElo "1903"]
[BlackElo "2145"]
[PlyCount "112"]
[EventDate "2012.??.??"]

1. e4 c5 2. d4 cxd4 3. Nf3 Nc6 4. Nxd4 g6 5. Nxc6 bxc6 6. Qd4 Nf6 7. e5 Nd5 8.
Bc4 Qb6 9. c3 Bg7 10. O-O Ba6 11. Bxa6 Qxa6 12. Qe4 O-O 13. Nd2 Nc7 14. f4 Qb5
15. Qc4 Qb6+ 16. Qd4 Ne6 17. Qxb6 axb6 18. Ne4 Ra4 19. Re1 d5 20. exd6 exd6 21.
b3 Raa8 22. Bd2 d5 23. Nf2 d4 24. Nd1 dxc3 25. Bxc3 Nxf4 26. Bxg7 Kxg7 27. Nc3
Rfe8 28. g3 Nd3 29. Red1 Nc5 30. Rac1 b5 31. Rc2 Re6 32. Rdd2 Na6 33. Rd7 Rae8
34. Ra7 Nb4 35. Rf2 R8e7 36. Rxe7 Rxe7 37. Rd2 Re3 38. Ne2 c5 39. Kf2 Re5 40.
Nc3 c4 41. bxc4 bxc4 42. Rd4 Nd3+ 43. Kf3 Re1 44. Kg2 Ne5 45. Re4 Rxe4 46. Nxe4
f5 47. Nc3 Kf6 48. h4 Ke6 49. Kf2 Kd6 50. Ke3 Kc5 51. a3 Ng4+ 52. Kd2 h6 53.
Ne2 g5 54. hxg5 hxg5 55. Nc3 Nf6 56. Na4+ Kd4 0-1

[Event "Seniorenkampioenschap 2012"]
[Site "Oosterbeek, Netherlands"]
[Date "2012.07.11"]
[Round "5"]
[White "Vosselman, Jan"]
[Black "Klein, Ron"]
[Result "1-0"]
[WhiteElo "2009"]
[BlackElo "2049"]
[PlyCount "57"]
[EventDate "2012.??.??"]

1. d4 e6 2. c4 f5 3. g3 Nf6 4. Bg2 Bb4+ 5. Bd2 Qe7 6. a3 Bxd2+ 7. Qxd2 O-O 8.
Nc3 d6 9. e3 e5 10. Nge2 c6 11. b4 Be6 12. d5 cxd5 13. Nxd5 Qf7 14. Nxf6+ gxf6
15. Qxd6 Bxc4 16. Rc1 e4 17. Nd4 Bd3 18. Rc7 Qa2 19. Qe6+ Qxe6 20. Nxe6 Na6 21.
Rc1 Rfc8 22. Kd2 Kf7 23. Nd4 Kg6 24. Bh3 Rxc1 25. Bxf5+ Kh6 26. Rxc1 Rd8 27. f3
Re8 28. b5 Nb8 29. Rc7 1-0

[Event "Seniorenkampioenschap 2012"]
[Site "Oosterbeek, Netherlands"]
[Date "2012.07.11"]
[Round "5"]
[White "Smeets, Pierre"]
[Black "Seeleman, Jan"]
[Result "1-0"]
[WhiteElo "2041"]
[BlackElo "2000"]
[PlyCount "141"]
[EventDate "2012.??.??"]

1. d4 Nf6 2. Nf3 g6 3. c4 Bg7 4. g3 d6 5. Bg2 O-O 6. O-O Nc6 7. d5 Na5 8. Nfd2
c5 9. Qc2 a6 10. Nc3 Rb8 11. b3 b5 12. Bb2 e5 13. dxe6 fxe6 14. cxb5 axb5 15.
Rad1 d5 16. Nf3 Nc6 17. e3 Qc7 18. Ne2 Ne4 19. Bxg7 Qxg7 20. Nd2 Nb4 21. Qb1
Nc3 22. Nxc3 Qxc3 23. Nf3 Qf6 24. a3 Nc6 25. Qc2 c4 26. bxc4 bxc4 27. e4 Rb2
28. Qa4 Bb7 29. exd5 Ra8 30. Qxc4 Na5 31. Qd4 Qxd4 32. Nxd4 exd5 33. Ne6 Nc4
34. Nc5 Bc6 35. Rxd5 Nxa3 36. Rd3 Bxg2 37. Kxg2 Nc2 38. Rfd1 Rf8 39. R3d2 Ne1+
40. Kh3 Rxd2 41. Rxd2 Nf3 42. Rd7 Ne5 43. Re7 Nc6 44. Rc7 Nd4 45. f4 Rf7 46.
Rxf7 Kxf7 47. g4 Ne2 48. Nd3 Kf6 49. Kg2 Nd4 50. Kf2 Nb5 51. Ke3 Nd6 52. Nc5
Nf7 53. Ke4 Nd6+ 54. Kd5 Nf7 55. Ne4+ Kg7 56. Ng5 Nh8 57. Ke6 h6 58. Ne4 Nf7
59. Ke7 g5 60. f5 Ne5 61. f6+ Kg8 62. Nd6 Ng6+ 63. Ke8 Kh7 64. f7 Kg7 65. Nf5+
Kf6 66. f8=Q+ Nxf8 67. Kxf8 h5 68. h3 hxg4 69. hxg4 Ke5 70. Kf7 Kf4 71. Nh6 1-0

[Event "Seniorenkampioenschap 2012"]
[Site "Oosterbeek, Netherlands"]
[Date "2012.07.11"]
[Round "5"]
[White "Landsbergen, Ron"]
[Black "Van de Vreede, Jim"]
[Result "1/2-1/2"]
[WhiteElo "1934"]
[BlackElo "1994"]
[PlyCount "128"]
[EventDate "2012.??.??"]

1. e4 c5 2. Nc3 Nc6 3. g3 e6 4. Bg2 a6 5. d3 g6 6. Be3 d6 7. Qd2 Bg7 8. f4 Nd4
9. Nf3 Ne7 10. O-O O-O 11. Rae1 Rb8 12. Nd1 Qc7 13. c3 Nxf3+ 14. Bxf3 b5 15. d4
Bd7 16. Nf2 a5 17. Rd1 c4 18. g4 f5 19. d5 exd5 20. exf5 gxf5 21. Bxd5+ Kh8 22.
g5 Rfe8 23. Bf7 Rf8 24. Qxd6 Qxd6 25. Rxd6 Rxf7 26. Rxd7 Kg8 27. Ba7 Ra8 28.
Be3 Ng6 29. Rfd1 b4 30. Rxf7 Kxf7 31. Rd7+ Kg8 32. Bd4 Bf8 33. Rc7 Nxf4 34.
Rxc4 Re8 35. Kf1 Ne6 36. Bf6 Kf7 37. Nd3 Bd6 38. cxb4 axb4 39. Nxb4 h6 40. h4
Kg6 41. Nd3 hxg5 42. hxg5 Nxg5 43. Bc3 Ne4 44. Rc6 Kg5 45. a4 Ra8 46. a5 f4 47.
a6 f3 48. Bd4 Kf5 49. a7 Bg3 50. Rh6 Nd2+ 51. Kg1 f2+ 52. Bxf2 Bxf2+ 53. Kxf2
Rxa7 54. b4 Nc4 55. Rc6 Ra2+ 56. Kf3 Ne5+ 57. Nxe5 Kxe5 58. Ke3 Ra3+ 59. Kd2
Rb3 60. Rb6 Kd5 61. Kc2 Ra3 62. Rb8 Kc4 63. b5 Ra2+ 64. Kd1 Kc5 1/2-1/2

[Event "Seniorenkampioenschap 2012"]
[Site "Oosterbeek, Netherlands"]
[Date "2012.07.11"]
[Round "5"]
[White "Goossen, Theo"]
[Black "Erwich, Frans"]
[Result "1/2-1/2"]
[WhiteElo "2037"]
[BlackElo "1985"]
[PlyCount "61"]
[EventDate "2012.??.??"]

1. e4 c5 2. c3 d5 3. exd5 Qxd5 4. d4 Nc6 5. Nf3 Nf6 6. Na3 e6 7. Be3 cxd4 8.
Nb5 Qd8 9. Nbxd4 Bd7 10. Qc2 Rc8 11. Rd1 Qa5 12. Be2 Be7 13. O-O a6 14. Nb3 Qc7
15. Nc5 O-O 16. Nxd7 Nxd7 17. Ng5 Nf6 18. Bd3 h6 19. Nh7 Ng4 20. g3 Nxe3 21.
fxe3 Rfe8 22. Qf2 Ne5 23. Bb1 f5 24. Qg2 Ng4 25. Bxf5 Nxe3 26. Bxe6+ Kxh7 27.
Qe4+ Kh8 28. Qxe3 Bc5 29. Rd4 Qb6 30. Rf6 Bf8 31. Bxc8 1/2-1/2

[Event "Seniorenkampioenschap 2012"]
[Site "Oosterbeek, Netherlands"]
[Date "2012.07.11"]
[Round "5"]
[White "Holscher, Peter"]
[Black "Toorman, Jan"]
[Result "1-0"]
[WhiteElo "2078"]
[BlackElo "2028"]
[PlyCount "117"]
[EventDate "2012.??.??"]

1. d4 d5 2. c4 c6 3. Nf3 Nf6 4. Qc2 g6 5. Nbd2 Bf5 6. Qb3 Qb6 7. g3 Nbd7 8. Bg2
Bg7 9. O-O Ne4 10. cxd5 Qxb3 11. Nxb3 cxd5 12. Nh4 Be6 13. Be3 O-O 14. Rac1
Rfc8 15. Na5 Nd6 16. b3 Kf8 17. Nf3 b6 18. Nc6 Nb8 19. Nb4 a5 20. Rxc8+ Nxc8
21. Nd3 Bd7 22. Ng5 e6 23. Nxh7+ Ke8 24. Ng5 f6 25. Nh3 Bb5 26. Nhf4 g5 27. Nh5
Bxd3 28. exd3 Bh8 29. f4 gxf4 30. Nxf4 Nd7 31. Ng6 Kf7 32. Nxh8+ Kg7 33. Rc1
Nd6 34. Rc7 Rd8 35. Bh3 Nf5 36. Bxf5 exf5 37. Kf2 Kxh8 38. Kf3 Kg7 39. Bc1 Kg6
40. Ba3 Nb8 41. Kf4 Na6 42. Rc6 Nb4 43. Bxb4 axb4 44. Rxb6 Ra8 45. h4 Rxa2 46.
h5+ Kxh5 47. Rxf6 Rf2+ 48. Ke5 Kg5 49. Rf8 Kg4 50. Rg8+ Kf3 51. Kxd5 Ke3 52.
Rb8 Kxd3 53. Rxb4 Re2 54. Rc4 Re8 55. Rc1 Rg8 56. Rf1 Kc3 57. Rf3+ Kb4 58. Ke5
Rg4 59. d5 1-0

[Event "Seniorenkampioenschap 2012"]
[Site "Oosterbeek, Netherlands"]
[Date "2012.07.11"]
[Round "5"]
[White "Caljé, Tom"]
[Black "Van de Peut, Aart"]
[Result "1/2-1/2"]
[WhiteElo "1990"]
[BlackElo "1907"]
[PlyCount "59"]
[EventDate "2012.??.??"]

1. d3 d5 2. g3 e5 3. Bg2 Nf6 4. Nd2 Nc6 5. a3 a5 6. b3 Bc5 7. e3 O-O 8. Ne2 Bg4
9. h3 Be6 10. O-O Qd7 11. Kh2 Rfd8 12. Bb2 Bd6 13. Nf3 h6 14. d4 e4 15. Ne5 Qe8
16. Nf4 Bc8 17. Nxc6 bxc6 18. Qd2 Qe7 19. c4 Bxf4 20. gxf4 Nh5 21. f3 Rd6 22.
fxe4 dxe4 23. f5 Rf6 24. c5 Rxf5 25. Rxf5 Bxf5 26. Qf2 Qe6 27. Qh4 Nf6 28. d5
cxd5 29. Rf1 Nh7 30. Qf4 1/2-1/2

[Event "Seniorenkampioenschap 2012"]
[Site "Oosterbeek, Netherlands"]
[Date "2012.07.11"]
[Round "5"]
[White "Haitsma, Anne"]
[Black "Duijker, Bert"]
[Result "1/2-1/2"]
[WhiteElo "1904"]
[BlackElo "1946"]
[PlyCount "55"]
[EventDate "2012.??.??"]

1. d4 g6 2. c4 Bg7 3. Nc3 d6 4. e4 Nc6 5. Be3 e5 6. Nge2 exd4 7. Nxd4 Nge7 8.
Qd2 O-O 9. Be2 f5 10. Nxc6 bxc6 11. Bd4 Bxd4 12. Qxd4 fxe4 13. Qxe4 Bf5 14. Qd4
Qd7 15. O-O Be6 16. Rad1 Nf5 17. Qd2 Rae8 18. b3 c5 19. Bf3 Nd4 20. Bd5 c6 21.
Bxe6+ Rxe6 22. Rfe1 Rfe8 23. Re3 Rxe3 24. fxe3 Nf5 25. e4 Nd4 26. Rf1 Qe7 27.
Qf4 Rf8 28. Qxf8+ 1/2-1/2

[Event "Seniorenkampioenschap 2012"]
[Site "Oosterbeek, Netherlands"]
[Date "2012.07.11"]
[Round "5"]
[White "Greevenbosch, Henk"]
[Black "Vreugdenhil, Frans"]
[Result "1-0"]
[WhiteElo "1943"]
[BlackElo "2034"]
[PlyCount "103"]
[EventDate "2012.??.??"]

1. c4 c5 2. Nc3 Nf6 3. g3 d5 4. cxd5 Nxd5 5. Bg2 Nc7 6. Qb3 Nc6 7. Bxc6+ bxc6
8. d3 e6 9. Nf3 Be7 10. h3 O-O 11. g4 Nd5 12. Na4 Ba6 13. Bd2 Rb8 14. Qc2 Nb4
15. Bxb4 Rxb4 16. b3 Rf4 17. Rd1 f5 18. g5 Qd5 19. Rg1 Rd8 20. Rg3 e5 21. Nc3
Qe6 22. e3 Rb4 23. e4 f4 24. Rg4 Rb7 25. Na4 Qd6 26. Nb2 Rbd7 27. Nc4 Bxc4 28.
Qxc4+ Kf8 29. Qc3 Qe6 30. Qxe5 Rd6 31. Rxf4+ Kg8 32. Qxe6+ Rxe6 33. h4 Bd6 34.
Rg4 Rf8 35. Nd2 Be5 36. Ke2 g6 37. Rc1 Bf4 38. Rg2 Bxd2 39. Kxd2 Rf3 40. Rxc5
Rh3 41. Rg4 Rd6 42. Rc3 Kf7 43. Rf4+ Ke7 44. a3 a5 45. f3 Rh2+ 46. Ke3 Ra2 47.
a4 Rb2 48. e5 Rd5 49. Re4 c5 50. f4 Rh2 51. Rec4 Rh3+ 52. Ke4 1-0

[Event "Seniorenkampioenschap 2012"]
[Site "Oosterbeek, Netherlands"]
[Date "2012.07.12"]
[Round "6"]
[White "Van Lanen, Toon"]
[Black "Schouten, Nico"]
[Result "0-1"]
[WhiteElo "2143"]
[BlackElo "2094"]
[PlyCount "60"]
[EventDate "2012.??.??"]

1. e4 e5 2. Nf3 Nc6 3. d4 exd4 4. Nxd4 Bc5 5. Be3 Bb6 6. Nc3 Nge7 7. Bc4 O-O 8.
Qd2 d6 9. O-O-O Kh8 10. f3 f5 11. exf5 Nxd4 12. Bxd4 Bxd4 13. Qxd4 Bxf5 14. f4
Nc6 15. Qd2 Nb4 16. Bb3 a5 17. a3 Na6 18. Bd5 Nc5 19. Rde1 Rb8 20. Be4 b5 21.
Bxf5 b4 22. axb4 axb4 23. Nb1 Rxf5 24. Qd4 Qg8 25. Rd1 Nb3+ 26. cxb3 Rc5+ 27.
Nc3 bxc3 28. Rd3 Qxb3 29. bxc3 Qb1+ 30. Kd2 Qxh1 0-1

[Event "Seniorenkampioenschap 2012"]
[Site "Oosterbeek, Netherlands"]
[Date "2012.07.12"]
[Round "6"]
[White "Van den Berg, Ad"]
[Black "Vogel, Jaap"]
[Result "1-0"]
[WhiteElo "2206"]
[BlackElo "2156"]
[PlyCount "75"]
[EventDate "2012.??.??"]

1. e4 e6 2. d3 d5 3. Nd2 Nf6 4. Ngf3 b6 5. g3 Bb7 6. Bg2 Be7 7. O-O c5 8. Re1
Nc6 9. a3 h6 10. Qe2 Qc7 11. c3 O-O-O 12. exd5 Nxd5 13. Nc4 Bf6 14. a4 g5 15.
a5 Rd7 16. axb6 axb6 17. Nfd2 Rhd8 18. Ne4 Bg7 19. Qc2 f5 20. Ned2 b5 21. Na3
Qb6 22. Qb3 Na7 23. d4 cxd4 24. c4 bxc4 25. Naxc4 Qxb3 26. Nxb3 Kb8 27. Rxe6
Nc8 28. Nc5 Rc7 29. Nxb7 Rxb7 30. h4 Rc7 31. Na5 Nce7 32. hxg5 Rdc8 33. Bd2 Rc2
34. gxh6 Rxd2 35. hxg7 Rxb2 36. Bxd5 Nxd5 37. Nc6+ Kc7 38. Nxd4 1-0

[Event "Seniorenkampioenschap 2012"]
[Site "Oosterbeek, Netherlands"]
[Date "2012.07.12"]
[Round "6"]
[White "Vlam, Horatio"]
[Black "Smeets, Pierre"]
[Result "1/2-1/2"]
[WhiteElo "2145"]
[BlackElo "2041"]
[PlyCount "87"]
[EventDate "2012.??.??"]

1. c4 Nf6 2. Nc3 c5 3. g3 e6 4. Nf3 Be7 5. d4 cxd4 6. Nxd4 a6 7. Bg2 O-O 8. O-O
Qc7 9. Qd3 d6 10. b3 Nbd7 11. Bb2 Rd8 12. Rac1 Ne5 13. Qb1 Bd7 14. Ne4 Be8 15.
Rfd1 Rac8 16. Nf3 Ned7 17. Nfg5 h6 18. Nxf6+ Nxf6 19. Bxf6 hxg5 20. Bxe7 Qxe7
21. Rd2 Bc6 22. Rcd1 Bxg2 23. Kxg2 Rc5 24. Qe4 b5 25. Qe3 Qc7 26. cxb5 axb5 27.
b4 Rc4 28. Qxg5 Rxb4 29. h4 d5 30. h5 f6 31. Qe3 Qe5 32. Qxe5 fxe5 33. Rc1 Rc4
34. Rb1 b4 35. Rdb2 Ra8 36. Rxb4 Rxb4 37. Rxb4 Rxa2 38. Kf3 Kf7 39. g4 Kf6 40.
e3 g6 41. h6 Ra7 42. Kg3 g5 43. Rb8 Rh7 44. Rf8+ 1/2-1/2

[Event "Seniorenkampioenschap 2012"]
[Site "Oosterbeek, Netherlands"]
[Date "2012.07.12"]
[Round "6"]
[White "Markus, John"]
[Black "Etmans, Maarten"]
[Result "0-1"]
[WhiteElo "2107"]
[BlackElo "2001"]
[PlyCount "154"]
[EventDate "2012.??.??"]

1. d4 Nf6 2. Nf3 e6 3. e3 b6 4. Bd3 Bb7 5. Nbd2 Be7 6. O-O O-O 7. b3 d5 8. Bb2
Ne4 9. c4 Nd7 10. a3 f5 11. Qc2 Rc8 12. b4 c5 13. dxc5 bxc5 14. b5 Bf6 15. Rfd1
Qe7 16. a4 g5 17. a5 Qg7 18. Bxf6 Qxf6 19. a6 Ba8 20. Nf1 Nb6 21. cxd5 exd5 22.
Ng3 g4 23. Ne1 Nxg3 24. hxg3 Nd7 25. Rab1 Ne5 26. Qb2 Qe6 27. Bf1 Rfd8 28. Qa2
Kf7 29. Rb2 Rd6 30. Rbd2 h5 31. Qb1 Kg6 32. Bd3 Rb6 33. Bf1 Rcb8 34. Qb2 Qf6
35. f4 Nd7 36. Qa2 Qe6 37. Nc2 Nf6 38. Bd3 Ne4 39. Bxe4 Qxe4 40. Qa5 Qc4 41.
Qa1 Re8 42. e4 d4 43. exf5+ Kxf5 44. Na3 Qd5 45. Qb1+ Qe4 46. Nc4 Rbe6 47. b6
axb6 48. Nxb6 Rb8 49. Qxe4+ Bxe4 50. Nd7 Rc8 51. Rc1 Rxa6 52. Rxc5+ Rxc5 53.
Nxc5 Rd6 54. Kf2 Bc6 55. Re2 Rd5 56. Nd3 Bb5 57. Re5+ Rxe5 58. Nxe5 Ke4 59. Nf7
Ba6 60. Nd6+ Kd3 61. Nf5 Kc4 62. Ke1 Kc3 63. Nd6 d3 64. Ne4+ Kd4 65. Nd2 Bb7
66. Kf2 Bd5 67. f5 Kc3 68. Ke3 Bxg2 69. f6 Bd5 70. Ne4+ Kc2 71. Nf2 d2 72. Kd4
Ba2 73. Ke3 d1=Q 74. Nxd1 Kxd1 75. Kf4 Ke2 76. Kg5 Kf3 77. Kh4 Bb3 0-1

[Event "Seniorenkampioenschap 2012"]
[Site "Oosterbeek, Netherlands"]
[Date "2012.07.12"]
[Round "6"]
[White "Vosselman, Jan"]
[Black "Viergever, Max"]
[Result "1/2-1/2"]
[WhiteElo "2009"]
[BlackElo "2097"]
[PlyCount "50"]
[EventDate "2012.??.??"]

1. d4 d6 2. c4 e5 3. dxe5 dxe5 4. Qxd8+ Kxd8 5. Nc3 c6 6. e4 Bb4 7. Bd2 a5 8.
O-O-O Kc7 9. f4 Bg4 10. Nf3 Nd7 11. h3 Bxf3 12. gxf3 f6 13. Rg1 g6 14. h4 Bd6
15. Bh3 Rd8 16. Na4 Bb4 17. Bxb4 axb4 18. Bxd7 Rxd7 19. Rxd7+ Kxd7 20. Nc5+ Kc8
21. fxe5 fxe5 22. Rg5 Nf6 23. Rxe5 Nd7 24. Nxd7 Kxd7 25. h5 Rf8 1/2-1/2